Lebensmittel mit "S" - Statistiken

Allgemein
  • Dieses Quiz wurde 279 mal gespielt
  • Das Durchschnittsergebnis liegt bei 34 aus 141
Antwortstatistiken
Lebensmittel % Korrekt
Salami
83%
Salz
81%
Suppe
74%
Sahne
72%
Salat
71%
Sauce
69%
Schinken
69%
Sellerie
62%
Schokolade
59%
Senf
59%
Spargel
57%
Spinat
55%
Spaghetti
53%
Saft
51%
Schnitzel
51%
Sauerkraut
49%
Schinkenspeck
47%
Sardine
46%
Sardelle
44%
Saure Sahne
44%
Schweinefleisch
42%
Safran
41%
Salzstange
41%
Soja
41%
Steak
41%
Suppengrün
40%
Salbei
39%
Schlagsahne
37%
Sekt
37%
Scholle
36%
Sauerrahm
35%
Semmel
35%
Sauerkirsche
34%
Schnecke
34%
Sülze
33%
Süßkartoffel
33%
Sushi
31%
Sandkuchen
30%
Süßigkeiten
30%
Sauerbraten
29%
Schokoladenei
29%
Sesam
29%
Schwarzwälder Kirschtorte
28%
Schwarzwurzel
28%
Spätzle
28%
Sachertorte
27%
Salatgurke
27%
Sojasprossen
27%
Schnittlauch
26%
Sonnenblumenöl
26%
Sirup
25%
Sojabohne
25%
Sonnenblumenkerne
25%
Spanferkel
25%
Spitzkohl
25%
Sprudel
24%
Stachelbeere
24%
Steinpilz
24%
Schokoladeneis
23%
Schupfnudeln
23%
Soda
23%
Sorbet
23%
Spiegelei
23%
Stollen
23%
Salzbrezel
22%
Sanddorn
22%
Schnaps
22%
Schokoladentorte
21%
Spezi
21%
Steckrübe
21%
Strudel
21%
Schokoladenpudding
20%
Schwarzbrot
20%
Salatdressing
19%
Schaschlik
19%
Schweinshaxe
19%
Schafskäse
18%
Schmalz
18%
Streuselkuchen
18%
Sangria
17%
Schweineschnitzel
17%
Semmelknödel
17%
Sternanis
16%
Sahnebonbon
15%
Sauerampfer
15%
Schattenmorelle
15%
Schorle
15%
Sternfrucht
15%
Sultaninen
15%
Sahneeis
14%
Schmorbraten
14%
Selters
14%
Soufflé
14%
Sake
13%
Saubohne
13%
Schrimp
13%
Softeis
13%
Spekulatius
13%
Salbeitee
12%
Schinkenwurst
12%
Schweinsohr
12%
Streichkäse
12%
Sashimi
11%
Saumagen
11%
Schokoladensauce
11%
Spargelsuppe
11%
Spritzgebäck
11%
Sandwich
10%
Schwarztee
10%
Sojamilch
10%
Soljanka
10%
Scampi
9%
Schalotte
9%
Schwarzkümmel
9%
Senfgurke
9%
Sauermilch
8%
Schillerlocke
8%
Schweizer Käse
8%
Schmelzkäse
7%
Schokoriegel
7%
Schote
7%
Schrippe
7%
Strammer Max
7%
Schnitte
6%
Schweinemedaillon
6%
Stracciatella
6%
Schmarrn
5%
Spaghetti Bolognese
5%
Steinbutt
5%
Schweinegulasch
4%
Scotch
4%
Spaghetti Carbonara
4%
Schichtsalat
3%
Schokokuss
3%
Shake
3%
Sherry
3%
Sauce Hollandaise
2%
Schokoladenfigur
2%
Säuglingsnahrung
0%
Schmorkraut
0%
Sharonfrucht
0%
Keine übereinstimmenden Quizze gefunden
Verteilung der Resultate
Anzahl Personen mit jedem Resultat
Perzentil nach korrekt beantworteten Fragen
Ihre Resultats-Entwicklung
Sie haben dieses Quiz noch nicht gespielt